|
|
|
|
| LEADER |
00000nam0a2200000 4500 |
| 001 |
126466 |
| 005 |
20231101220010.0 |
| 010 |
|
|
|a 5982270962
|
| 035 |
|
|
|a (RuTPU)RU\TPU\book\136815
|
| 035 |
|
|
|a RU\TPU\book\49644
|
| 090 |
|
|
|a 126466
|
| 100 |
|
|
|a 20030217d2006 m y0rusy50 ca
|
| 101 |
0 |
|
|a rus
|
| 102 |
|
|
|a RU
|
| 105 |
|
|
|a y j 000zy
|
| 200 |
1 |
|
|a Методы социологического исследования
|e учебное пособие
|f И. Ф. Девятко
|
| 205 |
|
|
|a 4-е изд.
|
| 210 |
|
|
|a Москва
|c Университет
|d 2006
|
| 215 |
|
|
|a 296 с.
|
| 330 |
|
|
|a В данной книге рассматриваются ведущие методы социологического исследования — опрос, эксперимент, включенное наблюдение, биографический метод, а также специальные процедуры, применяемые для сбора, анализа и оценки качества социологических данных. Логика и методы социологического исследования рассматриваются в книге в контексте более широких исследовательских перспектив и моделей теоретического объяснения, предопределяющих выбор конкретных методических решений. Книга может использоваться для подготовки и проведения социологических и маркетинговых исследований, а также в качестве пособия по курсу «Методология и методы социологического исследования». Книга предназначена для преподавателей, аспирантов и студентов факультетов социальных наук.
|
| 451 |
|
1 |
|0 (RuTPU)RU\TPU\book\49644
|y 5-8013-0149-6
|t Методы социологического исследования
|o уебное пособие
|f И. Ф. Девятко
|c М.
|n Университет
|d 2002
|p 296 с.
|a Девятко, Инна Феликсовна
|
| 606 |
1 |
|
|a Социологические исследования
|x Методология
|2 stltpush
|3 (RuTPU)RU\TPU\subj\37911
|9 58673
|
| 610 |
1 |
|
|a социология
|
| 610 |
1 |
|
|a социологические исследования
|
| 610 |
1 |
|
|a социологические индексы
|
| 610 |
1 |
|
|a методы
|
| 610 |
1 |
|
|a эксперименты
|
| 610 |
1 |
|
|a массовые опросы
|
| 610 |
1 |
|
|a выборка
|
| 610 |
1 |
|
|a данные
|
| 610 |
1 |
|
|a биографический метод
|
| 610 |
1 |
|
|a включенное наблюдение
|
| 610 |
1 |
|
|a учебные пособия
|
| 610 |
1 |
|
|a данные
|
| 610 |
1 |
|
|a анализ
|
| 610 |
1 |
|
|a информация
|
| 686 |
|
|
|a С5в6я73
|v LBC/SL-A
|2 rubbk
|
| 700 |
|
1 |
|a Девятко
|b И. Ф.
|g Инна Феликсовна
|
| 801 |
|
1 |
|a RU
|b 63413507
|c 20071128
|g PSBO
|
| 801 |
|
2 |
|a RU
|b 63413507
|c 20140909
|g PSBO
|
| 900 |
|
|
|a Социологические и маркетинговые исследования
|
| 900 |
|
|
|a Социология
|
| 942 |
|
|
|c BK
|
| 951 |
|
|
|b 040200
|b 040201
|b 040102
|
| 959 |
|
|
|a 85/20071127
|d 3
|e 82,50
|f АНЛ:2
|f ЧЗГЛ:1
|